[Event "mature men 11"]
[Site "SchemingMind.com"]
[Date "2007.01.28"]
[Round "-"]
[White "peeuukoo"]
[Black "_keyes"]
[Result "1-0"]
[WhiteCountry "FIN"]
[BlackCountry "ENG"]
[WhiteElo "1880"]
[WhiteRD "80"]
[BlackElo "1793"]
[BlackRD "68"]
[GameID "89023"]

1. d4 Nf6 2. c4 e6 3. Nc3 Bb4 4. Qc2 d5 5. a3 Bxc3+ 6. Qxc3 Ne4 7. Qc2 Qf6 8. Nf3 h6 9. e3 O-O 10. Bd3 Nd6
11. cxd5 exd5 12. Qxc7 Bg4 13. Ne5 Bh5 14. Qc2 Rc8 15. Qb1 Qg5 16. O-O Qe7 17. g4 f6 18. Ng6 Bxg6 19. Bxg6 Nd7 20. f4 Nf8
21. Bd3 Rc7 22. Re1 Re8 23. Bd2 Ne4 24. Bb4 Qe6 25. f5 Qd7 26. Qd1 b6 27. a4 Qc8 28. Qb3 Qb7 29. Rac1 Rxc1 30. Rxc1 Ng5
31. Bf1 Nfh7 32. Bd6 Ne4 33. Bg2 Nhg5 34. Bf4 Re7 35. h4 Nf7 36. Bxe4 Rxe4 37. a5 Re7 38. axb6 axb6 39. Qb5
1-0

[Event "mature men 11"]
[Site "SchemingMind.com"]
[Date "2007.02.01"]
[Round "-"]
[White "peeuukoo"]
[Black "simon_w"]
[Result "1-0"]
[WhiteCountry "FIN"]
[BlackCountry "IRL"]
[WhiteElo "1955"]
[WhiteRD "87"]
[BlackElo "1700"]
[BlackRD "70"]
[GameID "89024"]

1. d4 d5 2. c4 b6 3. Nc3 Nf6 4. Nf3 e6 5. Bg5 Be7 6. Qc2 Bb7 7. cxd5 exd5 8. e3 Ne4 9. Bxe7 Qxe7 10. Bd3 Nd7
11. O-O
1-0

[Event "mature men 11"]
[Site "SchemingMind.com"]
[Date "2007.02.01"]
[Round "-"]
[White "peeuukoo"]
[Black "Mekk"]
[Result "0-1"]
[WhiteCountry "FIN"]
[BlackCountry "POL"]
[WhiteElo "1880"]
[WhiteRD "80"]
[BlackElo "1807"]
[BlackRD "57"]
[GameID "89025"]

1. d4 Nf6 2. c4 g6 3. Nc3 Bg7 4. e4 d6 5. f3 O-O 6. Be3 c6 7. Qd2 a6 8. Nge2 b5 9. cxb5 axb5 10. Ng3 e5
11. dxe5 dxe5 12. Qc2 Qa5 13. Bd2 Qb6 14. Nd1 Rd8 15. Be2 Be6 16. b3 Na6 17. Qc3 Ne8 18. Be3 c5 19. O-O f5 20. Bf2 f4
21. Nh1 Qc6 22. Qb2 b4 23. Qc2 Nec7 24. Nb2 Nb5 25. Bxb5 Qxb5 26. Nc4 Bxc4 27. bxc4 Qc6 28. Rfd1 Bf8 29. Rxd8 Rxd8 30. Rd1 Rd7
31. Rd3 Nc7 32. Qd2 Rxd3 33. Qxd3 Qd6 34. Qc2 Ne6 35. Kf1 Be7 36. Ke1 Kf7 37. Bg1 Nd4 38. Bxd4 Qxd4 39. Nf2 Bh4 40. Kf1 Bxf2
41. Qxf2 Qxc4+ 42. Qe2 Qxe2+ 43. Kxe2 Ke6 44. Kd3 Kd6 45. g3 g5 46. g4 Kc7 47. h3 Kb6 48. Kc4 Kc6
0-1

[Event "mature men 11"]
[Site "SchemingMind.com"]
[Date "2007.01.29"]
[Round "-"]
[White "peeuukoo"]
[Black "daraimeister"]
[Result "1-0"]
[WhiteCountry "FIN"]
[BlackCountry "HUN"]
[WhiteElo "1974"]
[WhiteRD "92"]
[BlackElo "1738"]
[BlackRD "81"]
[GameID "89026"]

1. d4 d5 2. c4 e5 3. dxe5 d4 4. Nf3 Nc6 5. Nbd2 Bb4 6. a3 Bxd2+ 7. Qxd2 Nge7 8. b4 Ng6 9. Bb2 Ncxe5 10. Nxe5 Nxe5
11. Bxd4 f6 12. Qc3 O-O 13. Bxe5 fxe5 14. Qxe5 c6 15. Rd1 Qh4 16. Qd4 Qg5 17. f3 Bf5 18. c5 Rad8 19. Qc4+ Kh8 20. Rxd8 Rxd8
21. Qc3 Qf4 22. g3 Qg5 23. Kf2 h5 24. h4 Qg6 25. Bg2 Rf8 26. Rd1 Kh7 27. Rd6 Qf7 28. Qd2 g6 29. e4 Bc8 30. f4 Qb3
31. Bf3 Qxa3 32. f5 Bxf5 33. exf5 Rxf5 34. Rd3 Qa1 35. Rd7+ Kg8 36. Rxb7 Qf6 37. Qa2+ Kh8 38. Rb8+
1-0

[Event "mature men 11"]
[Site "SchemingMind.com"]
[Date "2007.01.28"]
[Round "-"]
[White "peeuukoo"]
[Black "ekulrac"]
[Result "0-1"]
[WhiteCountry "FIN"]
[BlackCountry "SCO"]
[WhiteElo "1974"]
[WhiteRD "92"]
[BlackElo "1712"]
[BlackRD "49"]
[GameID "89027"]

1. d4 d5 2. c4 e6 3. Nc3 f5 4. cxd5 exd5 5. Bf4 c6 6. Nf3 Nf6 7. Bg5 Be7 8. Bxf6 Bxf6 9. e3 O-O 10. Bd3 Qb6
11. Qc2 Kh8 12. O-O Be6 13. Na4 Qc7 14. Bxf5 Bxf5 15. Qxf5 Nd7 16. Qc2 Rae8 17. Nc3 Bd8 18. Rac1 Qd6 19. Ng5 Bxg5
0-1

[Event "mature men 11"]
[Site "SchemingMind.com"]
[Date "2007.01.28"]
[Round "-"]
[White "peeuukoo"]
[Black "badbishop"]
[Result "0-1"]
[WhiteCountry "FIN"]
[BlackCountry "POL"]
[WhiteElo "1898"]
[WhiteRD "82"]
[BlackElo "2197"]
[BlackRD "83"]
[GameID "89028"]

1. d4 Nf6 2. c4 g6 3. Nc3 Bg7 4. e4 d6 5. f3 c6 6. Be3 a6 7. a4 a5 8. Qd2 Na6 9. Nge2 Nb4 10. Nc1 Nd7
11. Be2 e5 12. d5 Qe7 13. O-O O-O 14. Nd3 Nxd3 15. Bxd3 Nc5 16. Bc2 Re8 17. Rad1 Bf8 18. Qf2 Na6 19. f4 Bg7 20. f5 Bf8
21. f6 Qd7 22. h3 Nb4 23. Bb1 Rd8 24. Qh4 Qe8 25. Ne2 b5 26. dxc6 bxc4 27. Bb6 Nxc6 28. Bxd8 Qxd8 29. Qf2 Rb8 30. Nc3 Nd4
31. Nd5 Be6 32. Kh1 Bxd5 33. exd5 Qd7 34. Rxd4 exd4 35. Qxd4 Qxa4 36. Kh2 Qb4 37. Ba2 Qxb2 38. Qxb2 Rxb2 39. Bxc4 Bh6 40. Kh1 a4
41. Ra1 Rb4 42. Be2 Bf4 43. Kg1 Be5 44. Ra2 Bxf6 45. Kf1 Bb2 46. Bf3 a3 47. Ke2 Kg7 48. Kd2 Kf6 49. Kd3 Ke5 50. Ke3 f5
51. Kd3 Kf4 52. Ke2 Rb3
0-1

[Event "mature men 11"]
[Site "SchemingMind.com"]
[Date "2007.01.28"]
[Round "-"]
[White "_keyes"]
[Black "peeuukoo"]
[Result "1-0"]
[WhiteCountry "ENG"]
[BlackCountry "FIN"]
[WhiteElo "1793"]
[WhiteRD "68"]
[BlackElo "1880"]
[BlackRD "80"]
[GameID "89029"]

1. d4 d5 2. c4 e6 3. Nc3 c6 4. e3 Bb4 5. cxd5 exd5 6. Bd3 Nf6 7. Ne2 O-O 8. O-O Re8 9. a3 Bd6 10. h3 Nbd7
11. Qc2 Nb6 12. b3 Bc7 13. Bd2 h6 14. Rac1 Qd6 15. f4 Bd7 16. a4 a5 17. g4 g5 18. Ng3 Kg7 19. Rf2 Rh8 20. Bf5 Be6
21. Bxe6 fxe6 22. Nb5 Qd7 23. Nxc7 Qxc7 24. Kg2 Nbd7 25. Rcf1 Raf8 26. fxg5 hxg5 27. e4 dxe4 28. Bxg5 Qb8 29. Bf4 Qd8 30. Bg5 Qc7
31. Bf4 Qd8 32. g5 Nd5 33. Qxe4 Nxf4+ 34. Rxf4 Qe8 35. Rxf8 Rxf8 36. Rxf8 Nxf8 37. h4 Qg6 38. Qxg6+ Kxg6 39. Kf3 e5 40. dxe5 Ne6
41. Kg4 Nc5 42. h5+ Kf7 43. g6+ Kg8 44. h6
1-0

[Event "mature men 11"]
[Site "SchemingMind.com"]
[Date "2007.02.01"]
[Round "-"]
[White "simon_w"]
[Black "peeuukoo"]
[Result "1-0"]
[WhiteCountry "IRL"]
[BlackCountry "FIN"]
[WhiteElo "1719"]
[WhiteRD "66"]
[BlackElo "1880"]
[BlackRD "80"]
[GameID "89030"]

1. e4 e5 2. Bc4 Nf6 3. Nc3 Nxe4 4. Bxf7+ Kxf7 5. Nxe4 d5 6. Qf3+ Kg8 7. Ng5 Qd7 8. N1h3 h6 9. O-O hxg5 10. Nxg5 e4
11. Qg3 Qd6 12. d3 Qxg3 13. fxg3 Be7 14. dxe4 dxe4 15. Nxe4 b6 16. Bg5 Bxg5 17. Nxg5 c5 18. Rae1 Bd7 19. Re7 Rh5 20. h4 Nc6
21. Rxd7 Rh6 22. Rff7 Rg6 23. c3 Re8 24. Rc7 a6 25. g4 c4 26. Rf5 Ne5 27. Rxe5
1-0

[Event "mature men 11"]
[Site "SchemingMind.com"]
[Date "2007.02.01"]
[Round "-"]
[White "Mekk"]
[Black "peeuukoo"]
[Result "1-0"]
[WhiteCountry "POL"]
[BlackCountry "FIN"]
[WhiteElo "1807"]
[WhiteRD "57"]
[BlackElo "1880"]
[BlackRD "80"]
[GameID "89031"]

1. e4 e5 2. Nf3 Nc6 3. Bb5 a6 4. Ba4 Nf6 5. O-O b5 6. Bb3 Be7 7. Re1 O-O 8. c3 d5 9. exd5 Nxd5 10. Nxe5 Nxe5
11. Rxe5 c6 12. d4 Bd6 13. Re1 Qh4 14. g3 Qh3 15. Be3 Bg4 16. Qd3 Rae8 17. Nd2 f5 18. Qf1 Qh5 19. f4 g5 20. Qg2 gxf4
21. Bxd5+ Kh8 22. Bxf4 Bxf4 23. Bxc6 Be3+ 24. Kh1 Bh3 25. Qe2 Qh6 26. Bxe8 Rxe8 27. Qd3 Bg4 28. d5 f4 29. gxf4 Qxf4 30. Rf1 Qg5
31. Ne4 Bf5 32. Qd4+ Bxd4 33. Nxg5
1-0

[Event "mature men 11"]
[Site "SchemingMind.com"]
[Date "2007.01.29"]
[Round "-"]
[White "daraimeister"]
[Black "peeuukoo"]
[Result "0-1"]
[WhiteCountry "HUN"]
[BlackCountry "FIN"]
[WhiteElo "1738"]
[WhiteRD "81"]
[BlackElo "1974"]
[BlackRD "92"]
[GameID "89032"]

1. e4 e5 2. Nf3 Nc6 3. Bc4 Nf6 4. d4 exd4 5. O-O Bc5 6. e5 d5 7. Bb5 Ne4 8. Nxd4 Bd7 9. Nxc6 bxc6 10. Bd3 O-O
11. Nd2 f5 12. exf6 Nxf6 13. Nf3 Bg4 14. Be2 Qe8 15. Bf4 Qe7 16. h3 Bh5 17. c3 Ne4 18. Bh2 Rae8 19. Nd4 Bxe2 20. Qxe2 Qf6
21. Qc2 Bxd4 22. cxd4 Qxd4 23. Rad1 Qb6 24. b3 Rf7 25. Rde1 Ref8 26. Re2 a5 27. a3 h6 28. Qb2 Rf5 29. Be5 R8f7 30. b4 axb4
31. axb4 c5 32. Bh2 cxb4
0-1

[Event "mature men 11"]
[Site "SchemingMind.com"]
[Date "2007.01.28"]
[Round "-"]
[White "ekulrac"]
[Black "peeuukoo"]
[Result "0-1"]
[WhiteCountry "SCO"]
[BlackCountry "FIN"]
[WhiteElo "1711"]
[WhiteRD "50"]
[BlackElo "1955"]
[BlackRD "87"]
[GameID "89033"]

1. e4 e5 2. Nf3 Nc6 3. Bb5 a6 4. Bxc6 dxc6 5. O-O Bg4 6. h3 Bxf3 7. Qxf3 Qf6 8. Qc3 Bd6 9. f4 exf4 10. e5 Qxe5
11. Qxe5+ Bxe5 12. Re1 f6 13. d4 O-O-O 14. dxe5 fxe5 15. Nc3 Ne7 16. Rxe5 Ng6 17. Re4 Rhf8 18. Kf2 Rf5 19. Ke2 Rdf8 20. Bd2 f3+
21. gxf3 Rxf3 22. Re8+ Rxe8+ 23. Kxf3 Ne5+ 24. Kg2 Nc4 25. Bc1 Re1 26. b3 Na3 27. Bb2 Nxc2 28. Rxe1 Nxe1+ 29. Kg3 Nd3 30. Ba3 b5
31. Bf8 g6 32. Ne2 Kd7 33. Bh6 c5 34. Kf3 Nb4 35. Nc3 Ke6 36. Ke4 c6 37. Bg5 Nc2 38. Kf4 Nd4 39. Ne4 a5 40. Nxc5+ Kd5
41. Be7 Ne2+ 42. Ke3 Nc3 43. a4 Ke5 44. axb5 Nd5+ 45. Kd3 Nxe7 46. b6 Kd6 47. Ne6 c5 48. Nd8 Nc6 49. Nb7+ Kd5 50. Kc3 g5
51. Kd3 h5 52. Ke3 g4 53. hxg4 hxg4 54. Kf4 a4 55. Nxc5 a3 56. b4 Kc4
0-1

[Event "mature men 11"]
[Site "SchemingMind.com"]
[Date "2007.01.28"]
[Round "-"]
[White "badbishop"]
[Black "peeuukoo"]
[Result "1-0"]
[WhiteCountry "POL"]
[BlackCountry "FIN"]
[WhiteElo "2121"]
[WhiteRD "91"]
[BlackElo "1955"]
[BlackRD "87"]
[GameID "89034"]

1. d4 d5 2. c4 e6 3. Nc3 c6 4. e3 Bb4 5. Qb3 Ba5 6. Nf3 Nf6 7. Bd2 O-O 8. Bd3 dxc4 9. Qxc4 Nbd7 10. O-O Nb6
11. Qc5 Bxc3 12. Qxc3 h6 13. e4 Re8 14. Rad1 Qe7 15. Bb1 Nbd7 16. Rfe1 Nf8 17. Qc4 Qd8 18. Bc3 Qb6 19. Qd3 Ng6 20. h4 Qd8
21. Qc2 Nf8 22. Bb4 N6d7 23. e5 a5 24. Bd6 f5 25. exf6 Qxf6 26. Qe4 g6 27. Ne5 Nxe5 28. Bxe5 Qe7 29. Re3 Qf7 30. Rf3
1-0

[Event "mature men 11"]
[Site "SchemingMind.com"]
[Date "2007.01.29"]
[Round "-"]
[White "erikbrynolfson"]
[Black "_keyes"]
[Result "1-0"]
[WhiteCountry "USA"]
[BlackCountry "ENG"]
[WhiteElo "1703"]
[WhiteRD "57"]
[BlackElo "1798"]
[BlackRD "80"]
[GameID "89212"]

1. b3 e5 2. Bb2 d6 3. e3 h6 4. Nc3 Nf6 5. f4 Bg4 6. Be2 Bxe2 7. Qxe2 Nbd7 8. fxe5 dxe5 9. Nf3 c6 10. O-O-O Be7
11. h4 a5 12. Rdg1 b5 13. h5 a4 14. g4 axb3 15. cxb3 e4 16. Nd4 Qc7 17. Nf5 Nc5 18. Nxg7+ Kf8 19. Nf5 Nd3+ 20. Kb1 Rh7
21. g5 hxg5 22. Rxg5 Nxb2 23. Kxb2 Ba3+ 24. Kc2 b4 25. Nb1 Qe5 26. d4 exd3+ 27. Qxd3 Qb2+ 28. Kd1 Nd5 29. Rhg1 Rh8 30. h6 Rd8
31. Ke1 Qf6 32. h7 Ke8 33. Rg8+ Kd7 34. Rxd8+ Rxd8 35. Rg8 Kc7 36. h8=Q
1-0

[Event "mature men 11"]
[Site "SchemingMind.com"]
[Date "2007.02.02"]
[Round "-"]
[White "erikbrynolfson"]
[Black "simon_w"]
[Result "1-0"]
[WhiteCountry "USA"]
[BlackCountry "IRL"]
[WhiteElo "1703"]
[WhiteRD "57"]
[BlackElo "1700"]
[BlackRD "70"]
[GameID "89213"]

1. e4 e5 2. Nf3 Nc6 3. Bb5 Bc5 4. O-O d6 5. d4 exd4 6. Nxd4 Bd7 7. Be3 Nxd4 8. Bxd7+ Qxd7 9. Bxd4 O-O-O 10. Bxg7 Ne7
11. Bxh8 Rxh8 12. Nc3 Rg8 13. Qf3 Ng6 14. Qf5 Qxf5 15. exf5 Ne5 16. Nd5 Kd7 17. Nf6+
1-0

[Event "mature men 11"]
[Site "SchemingMind.com"]
[Date "2007.02.02"]
[Round "-"]
[White "erikbrynolfson"]
[Black "Mekk"]
[Result "1/2-1/2"]
[WhiteCountry "USA"]
[BlackCountry "POL"]
[WhiteElo "1667"]
[WhiteRD "58"]
[BlackElo "1767"]
[BlackRD "63"]
[GameID "89214"]

1. c4 Nf6 2. Nc3 g6 3. d4 d5 4. Nf3 Bg7 5. e3 O-O 6. Bd3 c6 7. O-O Bg4 8. b3 c5 9. Be2 Nc6 10. Bb2 cxd4
11. Nxd4 Bxe2 12. Ncxe2 Nxd4 13. Nxd4 dxc4 14. bxc4 Qc7 15. Rc1 Rfd8 16. Qc2 Rac8 17. Nb5 Qb8 18. Ba3 Bf8 19. Rfd1 a6 20. Nd4 b5
21. Qb3 bxc4 22. Rxc4 Qxb3 23. axb3 e5 24. Rxc8 Rxc8 25. Bxf8 Kxf8 26. Nf3 e4 27. Nd4 Ke7 28. h3 Nd7 29. Ra1 Ra8=
1/2-1/2

[Event "mature men 11"]
[Site "SchemingMind.com"]
[Date "2007.01.29"]
[Round "-"]
[White "erikbrynolfson"]
[Black "daraimeister"]
[Result "1-0"]
[WhiteCountry "USA"]
[BlackCountry "HUN"]
[WhiteElo "1703"]
[WhiteRD "57"]
[BlackElo "1717"]
[BlackRD "79"]
[GameID "89215"]

1. c4 Nf6 2. Nc3 e5 3. g3 g6 4. Bg2 Bg7 5. d3 O-O 6. Bg5 h6 7. Bd2 Nc6 8. Qc1 Kh7 9. Nf3 d6 10. O-O Ng8
11. Ne4 f5 12. Nc3 Nf6 13. a3 Be6 14. b4 Qd7 15. b5 Ne7 16. a4 Nh5 17. a5 f4 18. Qc2 g5 19. Ne4 Kg8 20. Rfb1 Nf5
21. b6 g4 22. Ne1 Nd4 23. Qd1 Nf6 24. Nxf6+ Rxf6 25. Bxb7 fxg3 26. hxg3 Qf7 27. Be3 Rf8 28. bxa7 Rxf2 29. Ng2 Nxe2+ 30. Qxe2 Rxe2
31. a8=Q Rxa8 32. Bxa8 e4 33. Rb8+ Kh7 34. Bxe4+ Bf5 35. Rf1 Rxg2+ 36. Bxg2 Qe6 37. Bf2 Bxd3 38. a6 Bxf1 39. Bxf1 Qe4 40. a7 Bd4
41. a8=Q Bxf2+ 42. Kxf2 Qd4+ 43. Kg2
1-0

[Event "mature men 11"]
[Site "SchemingMind.com"]
[Date "2007.01.29"]
[Round "-"]
[White "erikbrynolfson"]
[Black "ekulrac"]
[Result "1-0"]
[WhiteCountry "USA"]
[BlackCountry "SCO"]
[WhiteElo "1667"]
[WhiteRD "58"]
[BlackElo "1712"]
[BlackRD "49"]
[GameID "89216"]

1. c4 Nf6 2. Nc3 g6 3. d4 Bg7 4. e4 d6 5. Nf3 Nbd7 6. Be3 O-O 7. Qd2 Ng4 8. Bg5 c5 9. h3 cxd4 10. Nxd4 Ngf6
11. Bh6 Qb6 12. Bxg7 Kxg7 13. Be2 Nc5 14. Nd5 Nxd5 15. cxd5 Nxe4 16. Qe3 Nf6 17. Qc3 Qc5 18. Qxc5 dxc5 19. Nb3 Nxd5 20. Nxc5 e5
21. O-O f5 22. Bc4 Nf6 23. Rad1 b6 24. Nb3 Bb7 25. Rfe1 e4 26. Nd4 Rfc8 27. Bb3 f4 28. Ne6+ Kh8 29. Nxf4 Rc5 30. Re2 g5
31. Ne6 Re5 32. Nd4 Rd8 33. Red2 Ba6 34. Nc6 Rxd2 35. Rxd2 Rc5 36. Rc2 Rxc2 37. Bxc2 Kg7 38. Nxa7 Bb7 39. Nb5 Ne8 40. Nd4 Nd6
41. Ne6+ Kf6 42. Nf8 Kg7 43. Nd7 b5 44. b4 Bd5 45. a4 bxa4 46. Bxa4 Bc4 47. Ne5 Kf6 48. Nxc4 Nxc4 49. Kf1 Ke5 50. Ke2 Kd4
51. Bc2 h6 52. b5 Kc5 53. Bxe4 Nb6 54. Kf3 Kd4 55. Bg6 Nd5 56. Kg4 Nf6+ 57. Kf5 Nd5 58. Be8 Kc5 59. Kg6 Nf4+ 60. Kxh6 Nxg2
61. Kxg5 Ne1 62. f4 Nf3+ 63. Kg4 Nd4 64. h4
1-0

[Event "mature men 11"]
[Site "SchemingMind.com"]
[Date "2007.01.29"]
[Round "-"]
[White "erikbrynolfson"]
[Black "peeuukoo"]
[Result "0-1"]
[WhiteCountry "USA"]
[BlackCountry "FIN"]
[WhiteElo "1703"]
[WhiteRD "57"]
[BlackElo "1955"]
[BlackRD "87"]
[GameID "89217"]

1. c4 e5 2. Nc3 Nf6 3. g3 d5 4. cxd5 Nxd5 5. Bg2 Nb6 6. d3 Nc6 7. Nf3 Bf5 8. O-O h6 9. e4 Bg4 10. Be3 Nd4
11. Bxd4 exd4 12. Ne2 c5 13. b3 Qf6 14. Nf4 Be7 15. a4 g5 16. a5 gxf4 17. axb6 Qxb6 18. h3 Be6 19. Rb1 Qc7 20. Rc1 fxg3
21. fxg3 Qxg3 22. Qe1 Qg7 23. Qa5 Bxh3 24. Qb5+ Kf8 25. Rf2 b6 26. Kf1 Qg4 27. Bxh3 Qxh3+ 28. Ke2 Qe6 29. Rcf1 a6 30. Qa4 b5
31. Qa5 Qxb3 32. Ne5 Rh7 33. Ng6+ Ke8 34. Nxe7 Qc2+ 35. Ke1 Qc1+ 36. Ke2 Qe3+ 37. Kd1 Qxd3+ 38. Ke1 Qc3+ 39. Qxc3 dxc3 40. Nd5 Kf8
41. Nxc3 b4 42. Na4 Rc8 43. Rc2 c4 44. Nb6 Rc6 45. Nxc4 b3 46. Rc3 f6 47. e5 b2 48. Kd2 Rhc7 49. Kd3 Ke7 50. exf6+ Rxf6
51. Re1+ Kf8 52. Nxb2 Rf3+
0-1

[Event "mature men 11"]
[Site "SchemingMind.com"]
[Date "2007.01.29"]
[Round "-"]
[White "erikbrynolfson"]
[Black "badbishop"]
[Result "0-1"]
[WhiteCountry "USA"]
[BlackCountry "POL"]
[WhiteElo "1717"]
[WhiteRD "58"]
[BlackElo "2151"]
[BlackRD "83"]
[GameID "89218"]

1. d4 Nf6 2. c4 g6 3. Nc3 Bg7 4. Nf3 O-O 5. e4 d6 6. Be2 Nbd7 7. O-O e5 8. d5 Nc5 9. Bd3 a5 10. Bg5 h6
11. Be3 b6 12. Bc2 Nh5 13. Qc1 g5 14. Ne2 Bg4 15. Ng3 Nf4 16. Nd2 Qc8 17. Bxc5 bxc5 18. Re1 Re8 19. Qb1 Bh3 20. Nf5 Nxg2
21. Ba4 Nxe1 22. Bxe8 Qxe8 23. Nxg7 Kxg7 24. Qxe1 Qc8 25. f3 Qb7 26. b3 Qb4 27. Qc1 a4 28. Kf2 axb3 29. Nxb3 Ra3 30. Qc2 Qa4
31. Kg3 Bc8 32. Qc1 Ba6 33. Nd2 Rxa2 34. Rxa2 Qxa2 35. h4 f6 36. h5 Kf7 37. Kg4 Bxc4
0-1

[Event "mature men 11"]
[Site "SchemingMind.com"]
[Date "2007.01.29"]
[Round "-"]
[White "_keyes"]
[Black "erikbrynolfson"]
[Result "0-1"]
[WhiteCountry "ENG"]
[BlackCountry "USA"]
[WhiteElo "1798"]
[WhiteRD "80"]
[BlackElo "1703"]
[BlackRD "57"]
[GameID "89219"]

1. d4 Nf6 2. c4 e6 3. Nc3 Bb4 4. e3 O-O 5. Ne2 d5 6. a3 Bxc3+ 7. Nxc3 b6 8. cxd5 exd5 9. Bd3 Bb7 10. Qc2 Nbd7
11. Bd2 c5 12. O-O a6 13. f3 a5 14. Rae1 Ba6 15. Bxa6 Rxa6 16. Nb5 Ra8 17. e4 dxe4 18. fxe4 cxd4 19. Nxd4 Nc5 20. Nf3 Re8
21. Bg5 Ncxe4 22. Rxe4 Rxe4 23. Bxf6 Qd5 24. Ng5 Rh4 25. Nxf7 gxf6 26. Rxf6 Qd4+ 27. Qf2 Qxf2+ 28. Rxf2 Rf8 29. Ng5 Rxf2 30. Kxf2 Rc4
0-1

[Event "mature men 11"]
[Site "SchemingMind.com"]
[Date "2007.02.02"]
[Round "-"]
[White "simon_w"]
[Black "erikbrynolfson"]
[Result "0-1"]
[WhiteCountry "IRL"]
[BlackCountry "USA"]
[WhiteElo "1719"]
[WhiteRD "66"]
[BlackElo "1717"]
[BlackRD "58"]
[GameID "89220"]

1. e4 e6 2. d4 d5 3. e5 c5 4. c3 Nc6 5. Nf3 Qb6 6. b3 Bd7 7. Be3 cxd4 8. Bxd4 Nxd4 9. Nxd4 Bc5 10. Be2 Ne7
11. O-O O-O 12. Nf3 Ng6 13. b4 Be7 14. a3 Bb5 15. Nbd2 Bxe2 16. Qxe2 Qc7 17. Rfe1 Qxc3 18. Qb5 Nxe5 19. Rec1 Nxf3+ 20. Nxf3 Qf6
21. Qxb7 Bd6 22. Qa6 Bf4 23. Rd1 Qd8 24. g3 Bh6 25. Rd4 Qb6 26. Qd3 g6 27. Rh4 Bg7 28. Rd1 Rac8 29. Kg2 Rc3 30. Qe2 Rxa3
31. Ne5 Qc7 32. Re1 Qxe5 33. Qxe5 Bxe5 34. Rxe5 Rb8
0-1

[Event "mature men 11"]
[Site "SchemingMind.com"]
[Date "2007.02.02"]
[Round "-"]
[White "Mekk"]
[Black "erikbrynolfson"]
[Result "1/2-1/2"]
[WhiteCountry "POL"]
[BlackCountry "USA"]
[WhiteElo "1807"]
[WhiteRD "57"]
[BlackElo "1717"]
[BlackRD "58"]
[GameID "89221"]

1. e4 e6 2. d4 d5 3. Nc3 c5 4. exd5 exd5 5. dxc5 Nf6 6. Be3 Nc6 7. Nf3 Be6 8. Bb5 a6 9. Ba4 Qa5 10. Nd4 Bd7
11. Nb3 Qc7 12. Nxd5 Nxd5 13. Qxd5 Be7 14. O-O O-O 15. Rad1 Be6 16. Qf3 Qc8 17. Nc1 Bg4 18. Qg3 Bxd1 19. Rxd1 Qe6 20. Bb3 Qg6
21. c3 Qxg3 22. hxg3 Rad8 23. Bd5 Bf6 24. Bf3 Rxd1+ 25. Bxd1 Rd8 26. Bc2 h6 27. Ne2 Bg5 28. Nf4 Ne5 29. Bd4 Nc6 30. Be3 Re8
31. Kf1 Bxf4 32. gxf4 Kf8 33. g3 f6 34. Kg2 Kf7 35. Kf3 g6 36. b4 f5 37. a3 Ke6 38. Bb3+ Ke7 39. Ba4 Kd7 40. c4 Rd8
41. b5 axb5 42. cxb5 Na5 43. b6+ Kc8 44. Bb5 Rd5 45. a4 Nb3 46. c6 bxc6 47. Bxc6 Nd4+ 48. Bxd4 Rxd4 49. a5 Rc4 50. Be8 g5
51. fxg5 hxg5 52. a6 Kb8 53. Bd7 Rc5 54. Ke3 Ra5 55. b7 Rxa6 56. Bc8 Ra5 57. Kf3 Ra3+ 58. Kg2 f4 59. gxf4 gxf4 60. f3 Kc7
61. Kf2 Rb3 62. Kg2 Kd6 63. Kh3 Rxf3+ 64. Kg4 Rb3 65. Kxf4=
1/2-1/2

[Event "mature men 11"]
[Site "SchemingMind.com"]
[Date "2007.01.29"]
[Round "-"]
[White "daraimeister"]
[Black "erikbrynolfson"]
[Result "0-1"]
[WhiteCountry "HUN"]
[BlackCountry "USA"]
[WhiteElo "1717"]
[WhiteRD "79"]
[BlackElo "1703"]
[BlackRD "57"]
[GameID "89222"]

1. e4 e6 2. d4 d5 3. exd5 exd5 4. Bd3 Nf6 5. Ne2 Bg4 6. O-O Be7 7. f3 Be6 8. Nf4 O-O 9. Nc3 Nc6 10. Nce2 Nb4
11. c3 Nxd3 12. Qxd3 Qd7 13. Nxe6 Qxe6 14. Bd2 c6 15. Rae1 Qd7 16. Nf4 Bd6 17. Re5 Bxe5 18. dxe5 Ne8 19. Re1 Nc7 20. Nh3 Ne6
21. f4 f5 22. exf6 Rxf6 23. g4 Nc5 24. Qf3 Ne4 25. Bc1 Rff8 26. Nf2 Nxf2 27. Kxf2 Rae8 28. Re3 Rxe3 29. Bxe3 a6 30. h4 Qe7
31. Kg3 Re8 32. Bf2 Qe2
0-1

[Event "mature men 11"]
[Site "SchemingMind.com"]
[Date "2007.01.29"]
[Round "-"]
[White "ekulrac"]
[Black "erikbrynolfson"]
[Result "1-0"]
[WhiteCountry "SCO"]
[BlackCountry "USA"]
[WhiteElo "1712"]
[WhiteRD "49"]
[BlackElo "1667"]
[BlackRD "58"]
[GameID "89223"]

1. e4 e6 2. d4 d5 3. Nd2 Nf6 4. e5 Nfd7 5. Bd3 c5 6. c3 Nc6 7. Ne2 cxd4 8. cxd4 Bb4 9. O-O O-O 10. Nf3 Qb6
11. Nf4 Kh8 12. Bxh7 Nxd4 13. Ng5 Nxe5 14. Qh5 g6 15. Qh6
1-0

[Event "mature men 11"]
[Site "SchemingMind.com"]
[Date "2007.01.29"]
[Round "-"]
[White "peeuukoo"]
[Black "erikbrynolfson"]
[Result "1-0"]
[WhiteCountry "FIN"]
[BlackCountry "USA"]
[WhiteElo "1974"]
[WhiteRD "92"]
[BlackElo "1667"]
[BlackRD "58"]
[GameID "89224"]

1. d4 Nf6 2. c4 e6 3. Nc3 Bb4 4. Qc2 O-O 5. a3 Bxc3+ 6. Qxc3 d5 7. Bg5 h6 8. Bh4 Nbd7 9. Nf3 Qe8 10. e3 b6
11. cxd5 Nxd5 12. Qc6 Rb8 13. e4 Bb7 14. Qc2 N5f6 15. Bd3 c5 16. dxc5 bxc5 17. Nd2 Ng4 18. Nc4 Nde5 19. Be2 Nxc4 20. Qxc4 Ne5
21. Qxc5 Nd7 22. Qd4 e5 23. Qe3 Rc8 24. f3 Nb6 25. O-O Rc2 26. Rab1 Qc6 27. Be7 Rc8 28. Bd3 Nc4 29. Bxc4 Qxc4 30. Bb4 Qd4
31. Qxd4 exd4 32. Rfd1 Rd8 33. Rd2 Rxd2 34. Bxd2 Ba6 35. Rc1 Be2 36. Kf2 d3 37. Rc7 a5 38. Rc5 Rb8 39. Bc3 Rd8 40. Ke3 a4
41. Ra5 Bd1 42. Rd5 Rxd5 43. exd5 Bc2 44. d6 Kf8 45. Bxg7+
1-0

[Event "mature men 11"]
[Site "SchemingMind.com"]
[Date "2007.01.29"]
[Round "-"]
[White "badbishop"]
[Black "erikbrynolfson"]
[Result "1-0"]
[WhiteCountry "POL"]
[BlackCountry "USA"]
[WhiteElo "2019"]
[WhiteRD "124"]
[BlackElo "1667"]
[BlackRD "58"]
[GameID "89225"]

1. d4 g6 2. e4 Bg7 3. Nc3 d6 4. f4 e5 5. Nf3 Bg4 6. dxe5 Bxf3 7. Qxf3 dxe5 8. Bc4 exf4 9. Bxf4 Nc6 10. Rd1 Nd4
11. Qf2 Ne7 12. Bxc7 Nxc2+ 13. Ke2 Nd4+ 14. Rxd4 Qxd4 15. Qxf7+ Kd7 16. Rd1 Qxd1+ 17. Nxd1 Bd4 18. Be6+ Kxc7 19. Qxe7+ Kc6 20. Bd5+ Kb6
21. Qxb7+ Ka5 22. Bc6 Bb6 23. a3
1-0

[Event "mature men 11"]
[Site "SchemingMind.com"]
[Date "2007.02.01"]
[Round "-"]
[White "Coloplast"]
[Black "_keyes"]
[Result "1-0"]
[WhiteCountry "SWE"]
[BlackCountry "ENG"]
[WhiteElo "1961"]
[WhiteRD "73"]
[BlackElo "1793"]
[BlackRD "68"]
[GameID "89732"]

1. d4 Nf6 2. c4 e6 3. Nc3 Bb4 4. Bf4 b6 5. Nf3 Bxc3+ 6. bxc3 Bb7 7. e3 Ne4 8. Qc2 d6 9. Bd3 f5 10. h4 h6
11. h5 O-O 12. Nh4 Nd7 13. f3 Nef6 14. Ng6 Re8 15. e4 fxe4 16. fxe4 e5 17. Bd2 Kh7 18. O-O-O Nxh5 19. Rxh5 Kxg6 20. Rdh1 Rh8
21. Qd1 Nf6 22. dxe5 dxe5 23. Qf3 Bc8 24. Rxe5 Bg4 25. Qg3 Qd7 26. Rd5 Nxd5 27. cxd5 Kf7 28. Rf1+ Ke8 29. e5 h5 30. c4 Kd8
31. e6 Qd6 32. Qxd6+ cxd6 33. Rf7 Rg8 34. c5 g5 35. c6 h4 36. c7+
1-0

[Event "mature men 11"]
[Site "SchemingMind.com"]
[Date "2007.02.05"]
[Round "-"]
[White "Coloplast"]
[Black "simon_w"]
[Result "1-0"]
[WhiteCountry "SWE"]
[BlackCountry "IRL"]
[WhiteElo "1961"]
[WhiteRD "73"]
[BlackElo "1719"]
[BlackRD "66"]
[GameID "89733"]

1. d4 d5 2. c4 dxc4 3. Nc3 e6 4. Bf4 Bb4 5. e3 b5 6. a4 c6 7. axb5 cxb5 8. Bxb8 Rxb8 9. Rxa7 Ne7 10. Nf3 O-O
11. Be2 Nd5 12. Qc2 Bb7 13. O-O Nxc3 14. bxc3 Bd6 15. Rfa1 f5 16. Qb2 Be4 17. Nd2 Bxh2+ 18. Kxh2 Qh4+ 19. Kg1 Bd5 20. Bf3 f4
21. e4 Bb7 22. Qxb5 Bxe4 23. Qe5
1-0